Bài tập vẽ kĩ thuật : (Sách dùng cho các trường Đào tạo và Trung học kĩ thuật)

Αποθηκεύτηκε σε:
Λεπτομέρειες βιβλιογραφικής εγγραφής
Κύριος συγγραφέας: Trần, Hữu Quế
Μορφή: Βιβλίο
Γλώσσα:Undetermined
Έκδοση: Hà Nội Giáo Dục 2006
Θέματα:
Ετικέτες: Προσθήκη ετικέτας
Δεν υπάρχουν, Καταχωρήστε ετικέτα πρώτοι!
Thư viện lưu trữ: Trung tâm Học liệu Trường Đại học Cần Thơ
LEADER 00647nam a2200205Ia 4500
001 CTU_124342
008 210402s9999 xx 000 0 und d
020 |c 19700 
082 |a 604.2076 
082 |b Qu250 
100 |a Trần, Hữu Quế 
245 0 |a Bài tập vẽ kĩ thuật : 
245 0 |b (Sách dùng cho các trường Đào tạo và Trung học kĩ thuật) 
245 0 |c Trần Hữu Quế 
260 |a Hà Nội 
260 |b Giáo Dục 
260 |c 2006 
650 |a Mechanical drawing,Engineering graphics 
904 |i M.Loan 
980 |a Trung tâm Học liệu Trường Đại học Cần Thơ